000 00505nam a22001937a 4500
999 _c6362
_d6362
003 OSt
005 20191028164536.0
008 191028b ||||| |||| 00| 0 eng d
020 _a9780521566759
040 _cDDC
082 _a515 WOJ 1991
100 _aWojtaszczyk, P.
_913002
245 _aBanach Spaces for Analysts
260 _aCambridge University Press,
_c1991
300 _axiii,382p;
_bIll:
_c23cm
504 _aReferences, & index included
650 _2Banach analysis
942 _2z
_cB_BANK